Surveyors acting as arbitrators in commercial property rent reviews (Record no. 115118)
[ view plain ]
| 000 -LEADER | |
|---|---|
| fixed length control field | 01363cam a22002415a 4500 |
| 001 - CONTROL NUMBER | |
| control field | L158067 |
| 008 - FIXED-LENGTH DATA ELEMENTS--GENERAL INFORMATION | |
| fixed length control field | 140311s2013 xxk f 000 0 eng d |
| 020 ## - INTERNATIONAL STANDARD BOOK NUMBER | |
| International Standard Book Number | 9781783210206 |
| 035 ## - SYSTEM CONTROL NUMBER | |
| System control number | (Sirsi) u158067 |
| 041 0# - LANGUAGE CODE | |
| Language code of text/sound track or separate title | eng |
| 100 2# - MAIN ENTRY--PERSONAL NAME | |
| Personal name | Wright, Geoffrey |
| 110 1# - MAIN ENTRY--CORPORATE NAME | |
| Corporate name or jurisdiction name as entry element | Royal Institution of Chartered Surveyors |
| 9 (RLIN) | 4900 |
| 245 00 - TITLE STATEMENT | |
| Title | Surveyors acting as arbitrators in commercial property rent reviews |
| Remainder of title | RICS guidance note |
| -- | [electronic resource] |
| 250 ## - EDITION STATEMENT | |
| Edition statement | 9th edition |
| 260 ## - PUBLICATION, DISTRIBUTION, ETC. | |
| Place of publication, distribution, etc. | London |
| Name of publisher, distributor, etc. | RICS |
| Date of publication, distribution, etc. | 2013 |
| 520 ## - SUMMARY, ETC. | |
| Summary, etc. | Offers guidance to chartered surveyors who are appointed by the President of RICS or directly by parties to act as arbitrators in commercial property rent reviews. Discusses the principles of arbitration, the powers and duties of the arbitrator, steps leading up to the appointment of an arbitrator, involvements and conflicts of interest, inability to act and replacement of an arbitrator, rules of evidence, the arbitration proceedings, evaluating evidence, the award, fees and costs. |
| 590 ## - LOCAL NOTE (RLIN) | |
| Local note | KA |
| 651 #4 - SUBJECT ADDED ENTRY--GEOGRAPHIC NAME | |
| Geographic name | England and Wales |
| Chronological subdivision | 1543- |
| 651 #4 - SUBJECT ADDED ENTRY--GEOGRAPHIC NAME | |
| Geographic name | Northern Ireland |
| Chronological subdivision | 2007- |
| 690 ## - LOCAL SUBJECT ADDED ENTRY--TOPICAL TERM (OCLC, RLIN) | |
| Topical term or geographic name as entry element | Commercial property |
| 9 (RLIN) | 6227 |
| 856 40 - ELECTRONIC LOCATION AND ACCESS | |
| Uniform Resource Identifier | <a href="https://www.rics.org/Global/Surveyors_acting_as_arbitrators_commercial_property_rent_reviews_9th_edition_PGguidance_2013.pdf">https://www.rics.org/Global/Surveyors_acting_as_arbitrators_commercial_property_rent_reviews_9th_edition_PGguidance_2013.pdf</a> |
| Public note | View the item free of charge from the www.rics.org website. |
| 942 ## - ADDED ENTRY ELEMENTS (KOHA) | |
| Suppress in OPAC | 0 |
| Withdrawn status | Lost status | Source of classification or shelving scheme | Damaged status | Not for loan | Home library | Current library | Shelving location | Date acquired | Total Checkouts | Full call number | Barcode | Date last seen | Copy number | Price effective from | Koha item type |
|---|---|---|---|---|---|---|---|---|---|---|---|---|---|---|---|
| Dewey Decimal Classification | Virtual | Virtual | Online | 11/03/2014 | ONLINE PUBLICATION | 158067-2001 | 06/08/2019 | 1 | 06/08/2019 | Book |